| 000 | 00787nam a2200253 i 4500 | ||
|---|---|---|---|
| 001 | 43112 | ||
| 003 | ES-MaACL | ||
| 005 | 20231207063008.0 | ||
| 007 | t| | ||
| 008 | 030317s1979 sp ||||1| spa d | ||
| 020 | _a84-323-0358-5 | ||
| 080 | _a308(460.32-22) | ||
| 100 | 1 |
_aCela Conde, Camilo José, _d1946- _937340 |
|
| 245 | 1 | 0 |
_aCapitalismo y campesinado en la isla de Mallorca / _cpor Camilo José Cela Conde. |
| 250 | _a1ª ed. | ||
| 260 |
_aMadrid : _bSiglo Veintiuno de España, _c1979. |
||
| 300 |
_a239 p. ; _c21 cm. |
||
| 490 | 1 | _aSociología y política | |
| 504 | _aBibliografía: p. 159-167. | ||
| 651 | 4 |
_aMallorca- _xSituación social. _9174015 |
|
| 830 | 1 |
_aSociología y política _9178818 |
|
| 852 | 4 |
_aES-MaACL _jA-10441 |
|
| 999 |
_c43112 _d43112 |
||